[Event "San Francisco Wilkerson Memorial"]
[Site "San Francisco"]
[Date "2020.02.06"]
[Round "2"]
[White "Yan, Rui Yang"]
[Black "Gaffagan, Steven"]
[Result "1-0"]
[WhiteElo "2027"]
[BlackElo "1973"]
[PlyCount "127"]
[EventDate "2020.01.07"]
[EventType "swiss"]
[EventRounds "7"]
[EventCountry "USA"]
[SourceTitle "CBM 195 Extra"]
[Source "ChessBase"]
[SourceDate "2020.05.31"]
[SourceVersion "1"]
[SourceVersionDate "2020.05.31"]
[SourceQuality "1"]

1. e4 c5 2. Nf3 e6 3. d4 cxd4 4. Nxd4 Nc6 5. Nc3 Qc7 6. g3 a6 7. Bg2 d6 8. 0-0 Bd7 9. Re1 Be7 10. Be3 Rc8 11. f4 Nf6 12. h3 0-0 13. Bf2 Nxd4 14. Qxd4 Bc6 15. Rad1 Rfd8 16. g4 d5 17. e5 Nd7 18. f5 b5 19. Qf4 b4 20. Ne2 Nc5 21. Nd4 Bd7 22. Be3 Kh8 23. Bc1 Rg8 24. g5 exf5 25. Nxf5 Ne6 26. Qg3 Bc5+ 27. Kh1 d4 28. Nd6 Bxd6 29. exd6 Qxc2 30. Rd2 Qc5 31. Rf2 Rgf8 32. Bd2 a5 33. Re4 Bc6 34. Rh4 Bxg2+ 35. Kxg2 Qd5+ 36. Kg1 Qxa2 37. g6 Qb1+ 38. Rf1 Qxg6 39. Qxg6 fxg6 40. d7 Rcd8 41. Re4 Rxf1+ 42. Kxf1 Nc7 43. Rxd4 Kg8 44. Bg5 Rf8+ 45. Kg2 Ne6 46. d8Q Nxd8 47. Bxd8 Rf5 48. b3 Kf7 49. Rd3 g5 50. Rf3 g6 51. Bxa5 Ke6 52. Rxf5 gxf5 53. Bxb4 h5 54. Bd2 g4 55. h4 Kd5 56. Kg3 Ke4 57. b4 Kd3 58. Bf4 Kc4 59. Bd6 Kb5 60. Kf4 Kc6 61. Bc5 Kb5 62. Kxf5 g3 63. Kg5 g2 64. Kxh5 1-0

[Event "Bay Area op"]
[Site "Burlingame"]
[Date "2019.01.03"]
[Round "3"]
[White "Betaneli, Aleksandr"]
[Black "Gaffagan, Steven"]
[Result "1-0"]
[WhiteElo "2254"]
[BlackElo "1996"]
[PlyCount "67"]
[EventDate "2019.01.01"]
[EventType "swiss"]
[EventRounds "9"]
[EventCountry "USA"]
[SourceTitle "CBM 188 Extra"]
[Source "ChessBase"]
[SourceDate "2019.02.26"]
[SourceVersion "1"]
[SourceVersionDate "2019.02.26"]
[SourceQuality "1"]

1. c4 g6 2. g3 Bg7 3. Bg2 c5 4. Nc3 Nc6 5. a3 e5 6. b4 d6 7. Rb1 Nge7 8. b5 Nd4 9. e3 Ne6 10. Nge2 0-0 11. 0-0 f5 12. f4 h6 13. Nd5 g5 14. d3 Ng6 15. Bb2 Bd7 16. Qd2 Rb8 17. Rf2 Rf7 18. Rbf1 exf4 19. exf4 g4 20. Bxg7 Kxg7 21. Re1 Ne7 22. d4 Qe8 23. dxc5 dxc5 24. Qb2+ Kg6 25. Qe5 Ng8 26. Nec3 Qf8 27. Ne4 Nd4 28. Nxc5 Nf3+ 29. Bxf3 gxf3 30. Nxd7 Rxd7 31. Qe6+ Nf6 32. Nxf6 Rd6 33. Nd7+ Rxe6 34. Nxf8+ 1-0

[Event "Bay Area op"]
[Site "Burlingame"]
[Date "2019.01.01"]
[Round "1"]
[White "Gaffagan, Steven"]
[Black "Ynojosa Aponte, Felix Jose"]
[Result "0-1"]
[WhiteElo "1996"]
[BlackElo "2368"]
[PlyCount "88"]
[EventDate "2019.01.01"]
[EventType "swiss"]
[EventRounds "9"]
[EventCountry "USA"]
[SourceTitle "CBM 188 Extra"]
[Source "ChessBase"]
[SourceDate "2019.02.26"]
[SourceVersion "1"]
[SourceVersionDate "2019.02.26"]
[SourceQuality "1"]

1. e4 c5 2. Nf3 Nc6 3. Bb5 e6 4. Bxc6 bxc6 5. d3 Ne7 6. Nbd2 Ng6 7. h4 h5 8. e5 f6 9. Nc4 Ba6 10. Qe2 Qc7 11. Qe4 Kf7 12. Bf4 Be7 13. Bg3 Bxc4 14. dxc4 Qa5+ 15. c3 f5 16. Qe2 Rab8 17. 0-0 Rb7 18. a3 Qd8 19. Qd2 Nxh4 20. Bxh4 Bxh4 21. b4 Be7 22. Rab1 cxb4 23. cxb4 a5 24. c5 axb4 25. axb4 Qc7 26. Rfe1 Rhb8 27. Qc3 Qd8 28. Nd4 Qf8 29. Rec1 Qh8 30. Qc4 Qh7 31. Rb3 h4 32. Rcb1 Qg6 33. Rf3 Ke8 34. Rfb3 Qg4 35. Qc3 Qf4 36. b5 Qxe5 37. bxc6 Rxb3 38. cxd7+ Kxd7 39. Rxb3 Rxb3 40. c6+ Kc8 41. Qxb3 Qe1+ 42. Kh2 Bd6+ 43. g3 Qxf2+ 44. Kh1 Qf1+ 0-1

[Event "San Francisco TNM Fall op"]
[Site "San Francisco"]
[Date "2017.10.24"]
[Round "1"]
[White "Simpkins, Jerry"]
[Black "Gaffagan, Steven"]
[Result "0-1"]
[WhiteElo "1548"]
[BlackElo "2004"]
[PlyCount "50"]
[EventDate "2017.10.24"]
[EventType "swiss"]
[EventRounds "9"]
[EventCountry "USA"]
[SourceTitle "EXT 2023"]
[Source "ChessBase"]
[SourceDate "2022.10.05"]
[SourceVersion "1"]
[SourceVersionDate "2022.10.05"]
[SourceQuality "1"]

1. e4 c5 2. f4 d5 3. e5 Nc6 4. d3 Nh6 5. c3 g6 6. Na3 Bg7 7. Nf3 0-0 8. Be2 Bg4 9. 0-0 Rb8 10. Ng5 Bc8 11. Nc2 f6 12. Nf3 d4 13. c4 fxe5 14. fxe5 Nf7 15. Bf4 Nfxe5 16. Nxe5 Nxe5 17. Bxe5 Bxe5 18. Rxf8+ Qxf8 19. Bg4 Qf4 20. Bf3 Qxh2+ 21. Kf2 Bg3+ 22. Ke2 Bg4 23. Ne1 Bxf3+ 24. Kxf3 Rf8+ 25. Ke2 Rf2# 0-1

[Event "San Francisco Grey Memorial"]
[Site "San Francisco"]
[Date "2017.08.29"]
[Round "4"]
[White "Yanofsky, Kevin"]
[Black "Gaffagan, Steven"]
[Result "1/2-1/2"]
[WhiteElo "1664"]
[BlackElo "2034"]
[PlyCount "72"]
[EventDate "2017.08.08"]
[EventType "swiss"]
[EventRounds "9"]
[EventCountry "USA"]
[SourceTitle "EXT 2023"]
[Source "ChessBase"]
[SourceDate "2022.10.05"]
[SourceVersion "1"]
[SourceVersionDate "2022.10.05"]
[SourceQuality "1"]

1. d4 Nf6 2. c4 e6 3. Nc3 Bb4 4. Qc2 Nc6 5. Nf3 0-0 6. Bd2 d5 7. e3 Re8 8. a3 Bf8 9. Bd3 a6 10. 0-0 g6 11. b4 Bg7 12. Rfd1 dxc4 13. Bxc4 Rb8 14. Rac1 Ne7 15. e4 b5 16. Bb3 Bb7 17. Bg5 h6 18. Bh4 g5 19. Bg3 Ng6 20. d5 e5 21. Rd2 Bf8 22. Nd1 Bd6 23. Ne3 Bc8 24. Re1 Nf8 25. Rde2 Bd7 26. Nf5 Kh7 27. Qd3 Kg6 28. h4 N8h7 29. hxg5 hxg5 30. Qd2 Ng4 31. Bc2 f6 32. Ne3 Rh8 33. Nh2 Nxh2 34. Bxh2 Qg8 35. f3 Nf8 36. Bg3 Qh7 1/2-1/2

[Event "San Francisco TNM Spring op"]
[Site "San Francisco"]
[Date "2017.04.11"]
[Round "5"]
[White "Gaffagan, Steven"]
[Black "Royzen, Igor"]
[Result "1-0"]
[WhiteElo "2010"]
[BlackElo "1830"]
[PlyCount "47"]
[EventDate "2017.03.14"]
[EventType "swiss"]
[EventRounds "8"]
[EventCountry "USA"]
[SourceTitle "EXT 2023"]
[Source "ChessBase"]
[SourceDate "2022.10.05"]
[SourceVersion "1"]
[SourceVersionDate "2022.10.05"]
[SourceQuality "1"]

1. e4 d5 2. exd5 Qxd5 3. Nc3 Qd6 4. Nf3 Nf6 5. Bc4 a6 6. 0-0 b5 7. Bb3 Bb7 8. Re1 e6 9. d4 Be7 10. Ng5 c5 11. Bxe6 fxe6 12. Nxe6 cxd4 13. Nxg7+ Kd8 14. Nf5 Qc6 15. f3 Bc5 16. Be3 Nbd7 17. Nxd4 Bxd4 18. Bxd4 Kc7 19. a4 b4 20. Ne4 Rhe8 21. Nxf6 Nxf6 22. Be5+ Kc8 23. Qd4 Qd5 24. Bxf6 1-0

[Event "San Francisco TNM Spring op"]
[Site "San Francisco"]
[Date "2017.03.28"]
[Round "3"]
[White "Gaffagan, Steven"]
[Black "Shaw, Tenzing W"]
[Result "0-1"]
[WhiteElo "2010"]
[BlackElo "2220"]
[PlyCount "102"]
[EventDate "2017.03.14"]
[EventType "swiss"]
[EventRounds "8"]
[EventCountry "USA"]
[SourceTitle "EXT 2023"]
[Source "ChessBase"]
[SourceDate "2022.10.05"]
[SourceVersion "1"]
[SourceVersionDate "2022.10.05"]
[SourceQuality "1"]

1. d4 Nf6 2. Nf3 e6 3. g3 c5 4. Bg2 d5 5. 0-0 Nc6 6. b3 cxd4 7. Nxd4 Bc5 8. Bb2 0-0 9. Nxc6 bxc6 10. Nd2 Qe7 11. c4 Ba6 12. a3 Rfd8 13. Qc2 Bb6 14. b4 e5 15. c5 Bc7 16. Nb3 Nd7 17. Rfe1 Qe6 18. Rad1 Bb5 19. e4 d4 20. Nc1 a5 21. Bf1 axb4 22. Bxb5 cxb5 23. axb4 Nb8 24. Nd3 Nc6 25. Ra1 Qc4 26. Qd2 h6 27. Reb1 Rf8 28. Kg2 Rfb8 29. h4 Bd8 30. Rc1 Qe6 31. Qe2 Qb3 32. Qd2 Bf6 33. Rcb1 Qe6 34. Qe2 Qc4 35. Qd2 h5 36. Rc1 Qe6 37. Qe2 g6 38. Rcb1 Bg7 39. Bc1 Qc4 40. Bd2 Ra2 41. Rxa2 Qxa2 42. Rg1 Ra8 43. Rd1 Ra3 44. Nc1 Qc2 45. Be1 Qxe2 46. Nxe2 Rb3 47. Nc1 Rb1 48. Bd2 f6 49. Rg1 Nxb4 50. f4 Nc6 51. Nd3 Rb3 0-1

[Event "San Francisco TNM Spring op"]
[Site "San Francisco"]
[Date "2017.03.14"]
[Round "1"]
[White "Gaffagan, Steven"]
[Black "Brown, Nicholas"]
[Result "1-0"]
[WhiteElo "2010"]
[BlackElo "1528"]
[PlyCount "53"]
[EventDate "2017.03.14"]
[EventType "swiss"]
[EventRounds "8"]
[EventCountry "USA"]
[SourceTitle "EXT 2023"]
[Source "ChessBase"]
[SourceDate "2022.10.05"]
[SourceVersion "1"]
[SourceVersionDate "2022.10.05"]
[SourceQuality "1"]

1. e4 c6 2. d4 d5 3. e5 Bf5 4. h4 h6 5. g4 Bh7 6. e6 f6 7. Bf4 Qc8 8. Qe2 Na6 9. Rh3 Nc7 10. Bxc7 Qxc7 11. Nc3 Qb6 12. 0-0-0 0-0-0 13. f4 f5 14. g5 g6 15. Nf3 Bg7 16. Ne5 Bxe5 17. Qxe5 Nf6 18. gxf6 exf6 19. Qxf6 Qc7 20. Nxd5 Rxd5 21. Qxh8+ Rd8 22. Qe5 Qe7 23. d5 Bg8 24. Rc3 Rd6 25. dxc6 Rxd1+ 26. Kxd1 Bxe6 27. cxb7+ 1-0

[Event "San Francisco Benson Memorial"]
[Site "San Francisco"]
[Date "2016.09.20"]
[Round "8"]
[White "Gaffagan, Steven"]
[Black "Anderson, Michael Gene"]
[Result "1-0"]
[WhiteElo "2096"]
[BlackElo "1958"]
[PlyCount "63"]
[EventDate "2016.08.02"]
[EventType "swiss"]
[EventRounds "9"]
[EventCountry "USA"]
[SourceTitle "EXT 2018"]
[Source "ChessBase"]
[SourceDate "2017.10.13"]
[SourceVersion "1"]
[SourceVersionDate "2017.10.13"]
[SourceQuality "1"]

1. d4 f5 2. g3 Nf6 3. Bg2 g6 4. c3 Bg7 5. Nd2 d5 6. Nh3 0-0 7. Nf3 Kh8 8. Nf4 c6 9. a4 Na6 10. h4 Ne4 11. Ng5 Nc7 12. Be3 Qd6 13. Nd3 Ne6 14. Nxe6 Bxe6 15. Bf4 Qd8 16. a5 Rc8 17. f3 Nd6 18. h5 gxh5 19. Rxh5 Bf7 20. Rh3 b6 21. Kf2 c5 22. Qh1 Bg6 23. Qh2 Qe8 24. Rh1 h5 25. Be5 Nc4 26. Nf4 Nxe5 27. dxe5 Bxe5 28. Nxh5 Kg8 29. f4 Bh8 30. Bxd5+ e6 31. Bf3 bxa5 32. Rg1 1-0

[Event "San Francisco Benson Memorial"]
[Site "San Francisco"]
[Date "2016.08.23"]
[Round "4"]
[White "Starr, Albert Martin"]
[Black "Gaffagan, Steven"]
[Result "0-1"]
[WhiteElo "1518"]
[BlackElo "2096"]
[PlyCount "64"]
[EventDate "2016.08.02"]
[EventType "swiss"]
[EventRounds "9"]
[EventCountry "USA"]
[SourceTitle "EXT 2018"]
[Source "ChessBase"]
[SourceDate "2017.10.13"]
[SourceVersion "1"]
[SourceVersionDate "2017.10.13"]
[SourceQuality "1"]

1. b4 c6 2. c4 d5 3. e3 Nf6 4. Bb2 Bf5 5. Nf3 e6 6. b5 Bd6 7. Ne5 0-0 8. Be2 a6 9. a4 axb5 10. axb5 Rxa1 11. Bxa1 Nbd7 12. d4 Bxb1 13. Qxb1 Qa5+ 14. Kf1 Ne4 15. Nf3 Ra8 16. Bb2 Ba3 17. g3 Nd2+ 18. Nxd2 Qxd2 19. Bxa3 Rxa3 20. Qd1 Qa5 21. Kg2 dxc4 22. bxc6 bxc6 23. Bxc4 g6 24. Qb1 Nb6 25. Bd3 Nd7 26. Rc1 Nf6 27. Rc5 Qd2 28. Bc4 Ng4 29. Qb8+ Kg7 30. Qf4 Nxe3+ 31. Kh3 Nxc4 32. Rxc4 Qxf4 0-1

[Event "San Francisco Benson Memorial"]
[Site "San Francisco"]
[Date "2016.08.09"]
[Round "2"]
[White "Wonsever, James"]
[Black "Gaffagan, Steven"]
[Result "1/2-1/2"]
[WhiteElo "1636"]
[BlackElo "2096"]
[PlyCount "51"]
[EventDate "2016.08.02"]
[EventType "swiss"]
[EventRounds "9"]
[EventCountry "USA"]
[SourceTitle "EXT 2018"]
[Source "ChessBase"]
[SourceDate "2017.10.13"]
[SourceVersion "1"]
[SourceVersionDate "2017.10.13"]
[SourceQuality "1"]

1. e4 c6 2. d4 d5 3. exd5 cxd5 4. Nf3 Bg4 5. Bd3 Nc6 6. Be3 Nf6 7. Nbd2 e6 8. 0-0 Be7 9. h3 Bh5 10. Qe1 Bg6 11. Ne5 Bxd3 12. Nxd3 0-0 13. a3 Rc8 14. c3 Na5 15. Bg5 h6 16. Bxf6 Bxf6 17. Qe2 Qc7 18. Rae1 b6 19. Ne5 g6 20. Kh1 Bg7 21. h4 Nc4 22. Ndxc4 dxc4 23. h5 Bxe5 24. Qxe5 Qxe5 25. Rxe5 Kg7 26. hxg6 1/2-1/2

[Event "San Francisco TNM Summer op"]
[Site "San Francisco"]
[Date "2016.06.28"]
[Round "6"]
[White "Anderson, Michael Gene"]
[Black "Gaffagan, Steven"]
[Result "0-1"]
[WhiteElo "1937"]
[BlackElo "2073"]
[PlyCount "32"]
[EventDate "2016.05.24"]
[EventType "swiss"]
[EventRounds "8"]
[EventCountry "USA"]
[SourceTitle "EXT 2018"]
[Source "ChessBase"]
[SourceDate "2017.10.13"]
[SourceVersion "1"]
[SourceVersionDate "2017.10.13"]
[SourceQuality "1"]

1. e4 c5 2. d4 cxd4 3. c3 dxc3 4. Nxc3 Nc6 5. Nf3 d6 6. Bc4 a6 7. 0-0 Nf6 8. Qe2 Bg4 9. Rd1 e6 10. Bf4 Qb8 11. h3 Bxf3 12. gxf3 Be7 13. Bh2 0-0 14. f4 b5 15. Bd5 exd5 16. exd5 Na5 0-1

[Event "San Francisco TNM Summer op"]
[Site "San Francisco"]
[Date "2016.05.31"]
[Round "2"]
[White "Porlares, Teodoro"]
[Black "Gaffagan, Steven"]
[Result "1/2-1/2"]
[WhiteElo "1805"]
[BlackElo "2073"]
[PlyCount "120"]
[EventDate "2016.05.24"]
[EventType "swiss"]
[EventRounds "8"]
[EventCountry "USA"]
[SourceTitle "EXT 2018"]
[Source "ChessBase"]
[SourceDate "2017.10.13"]
[SourceVersion "1"]
[SourceVersionDate "2017.10.13"]
[SourceQuality "1"]

1. d4 Nf6 2. Nf3 g6 3. c4 Bg7 4. Nc3 0-0 5. Bf4 c5 6. e3 d5 7. dxc5 Qa5 8. Be2 dxc4 9. 0-0 Qxc5 10. a4 Nc6 11. Nd2 Be6 12. Nb5 Nd5 13. Bg3 a6 14. Ne4 Qb4 15. Nd4 Nxd4 16. exd4 c3 17. bxc3 Nxc3 18. Nxc3 Qxc3 19. Rc1 Qxd4 20. Qxd4 Bxd4 21. Rc7 b5 22. axb5 axb5 23. Bxb5 Bf6 24. Bf4 Kg7 25. Re1 Rfc8 26. Rxc8 Rxc8 27. h3 Rc5 28. Bf1 h5 29. Rc1 Ra5 30. Bc7 Ra2 31. Bb6 Rb2 32. Bc5 Rd2 33. Be3 Rd7 34. Bb5 Rd8 35. Bc4 Bxc4 36. Rxc4 Rd1+ 37. Kh2 h4 38. g3 hxg3+ 39. Kxg3 Rd5 40. Kg4 Rh5 41. Kg3 Re5 42. Kg4 e6 43. Ra4 Rh5 44. Kg3 Re5 45. Kg4 Rh5 46. Kg3 e5 47. Rc4 Rh8 48. Ra4 Re8 49. Rc4 Re7 50. Ra4 Rd7 51. Rc4 Be7 52. Bc1 f5 53. Bb2 Bf6 54. Rc6 Rd3+ 55. f3 Rd7 56. Bc3 Re7 57. Kf2 g5 58. Ke3 Kf7 59. Bb4 Rb7 60. Bc5 Rb3+ 1/2-1/2

[Event "San Francisco TNM Spring op"]
[Site "San Francisco"]
[Date "2016.04.05"]
[Round "4"]
[White "Vickers, Keith"]
[Black "Gaffagan, Steven"]
[Result "0-1"]
[WhiteElo "2200"]
[BlackElo "2001"]
[PlyCount "54"]
[EventDate "2016.03.15"]
[EventType "swiss"]
[EventRounds "8"]
[EventCountry "USA"]
[SourceTitle "EXT 2018"]
[Source "ChessBase"]
[SourceDate "2017.10.13"]
[SourceVersion "1"]
[SourceVersionDate "2017.10.13"]
[SourceQuality "1"]

1. f4 g6 2. Nf3 c5 3. e3 Bg7 4. d4 Nf6 5. Bd3 0-0 6. 0-0 d6 7. c3 Nc6 8. Nbd2 e5 9. dxc5 dxc5 10. Nxe5 Nxe5 11. fxe5 Ng4 12. Nf3 Nxe5 13. Be2 Qe7 14. Nxe5 Bxe5 15. Qd5 Bf5 16. Bf3 Rad8 17. Qxb7 Rd7 18. Qc6 Rfd8 19. e4 Qh4 20. g3 Bxg3 21. hxg3 Qxg3+ 22. Bg2 Bh3 23. e5 Rd5 24. Rf2 Rd1+ 25. Rf1 Rxf1+ 26. Kxf1 Rd1+ 27. Ke2 Bg4+ 0-1

[Event "San Francisco TNM Spring op"]
[Site "San Francisco"]
[Date "2016.03.29"]
[Round "3"]
[White "Gaffagan, Steven"]
[Black "Drane, Robert W"]
[Result "1-0"]
[WhiteElo "2001"]
[BlackElo "2012"]
[PlyCount "49"]
[EventDate "2016.03.15"]
[EventType "swiss"]
[EventRounds "8"]
[EventCountry "USA"]
[SourceTitle "EXT 2018"]
[Source "ChessBase"]
[SourceDate "2017.10.13"]
[SourceVersion "1"]
[SourceVersionDate "2017.10.13"]
[SourceQuality "1"]

1. c4 f5 2. g3 e5 3. Bg2 Nf6 4. Nc3 Be7 5. d4 d6 6. Nf3 Nc6 7. 0-0 0-0 8. dxe5 dxe5 9. Nd5 Bd6 10. Bg5 Ne7 11. Bxf6 gxf6 12. c5 Bxc5 13. Nxf6+ Kg7 14. Nh5+ Kg6 15. Nxe5+ Kxh5 16. Bf3+ Kh6 17. Nf7+ Rxf7 18. Qxd8 Bd6 19. Rfd1 Kg7 20. Rxd6 cxd6 21. Qxd6 f4 22. Qe5+ Kf8 23. Bh5 Ng6 24. Bxg6 hxg6 25. Rd1 1-0

[Event "San Francisco TNM Winter op"]
[Site "San Francisco"]
[Date "2016.02.16"]
[Round "7"]
[White "Gaffagan, Steven"]
[Black "Babayan, Gagik"]
[Result "1-0"]
[WhiteElo "2040"]
[BlackElo "1833"]
[PlyCount "65"]
[EventDate "2016.01.05"]
[EventType "swiss"]
[EventRounds "8"]
[EventCountry "USA"]
[SourceTitle "EXT 2018"]
[Source "ChessBase"]
[SourceDate "2017.10.13"]
[SourceVersion "1"]
[SourceVersionDate "2017.10.13"]
[SourceQuality "1"]

1. e4 c5 2. Nf3 d6 3. Bb5+ Bd7 4. Bxd7+ Qxd7 5. c4 e5 6. d3 h6 7. Nc3 Nf6 8. Nd2 Nc6 9. Nf1 g5 10. Ne3 Nd4 11. Ned5 Be7 12. Nxf6+ Bxf6 13. Nd5 Bd8 14. 0-0 a6 15. Be3 Ne6 16. a3 Nf4 17. Bxf4 gxf4 18. b4 cxb4 19. axb4 b6 20. d4 f6 21. c5 dxc5 22. dxe5 h5 23. bxc5 bxc5 24. exf6 Qd6 25. e5 Qe6 26. Nxf4 Qf5 27. Qd5 Rc8 28. Rxa6 Qxf4 29. Qe6+ Kf8 30. Ra7 Rc7 31. Rxc7 Bxc7 32. Qe7+ Kg8 33. Qg7# 1-0

[Event "San Francisco TNM Winter op"]
[Site "San Francisco"]
[Date "2016.01.19"]
[Round "3"]
[White "Yamamoto, Craig"]
[Black "Gaffagan, Steven"]
[Result "1/2-1/2"]
[WhiteElo "1677"]
[BlackElo "2040"]
[PlyCount "46"]
[EventDate "2016.01.05"]
[EventType "swiss"]
[EventRounds "8"]
[EventCountry "USA"]
[SourceTitle "EXT 2018"]
[Source "ChessBase"]
[SourceDate "2017.10.13"]
[SourceVersion "1"]
[SourceVersionDate "2017.10.13"]
[SourceQuality "1"]

1. e4 c5 2. f4 d5 3. exd5 Nf6 4. d4 cxd4 5. Qxd4 Qxd5 6. Qxd5 Nxd5 7. Bd2 Nc6 8. a3 Bf5 9. c4 Nf6 10. Nf3 e5 11. fxe5 Ng4 12. b4 0-0-0 13. Nc3 Ngxe5 14. Nxe5 Nxe5 15. 0-0-0 Ng4 16. Bg5 Rxd1+ 17. Nxd1 f6 18. Bf4 g5 19. Bg3 h5 20. h3 Ne5 21. Nc3 Bg7 22. Be2 Rd8 23. Rd1 Rxd1+ 1/2-1/2

[Event "San Francisco TNM Fall op"]
[Site "San Francisco"]
[Date "2015.11.24"]
[Round "6"]
[White "Walder, Michael S"]
[Black "Gaffagan, Steven"]
[Result "1-0"]
[WhiteElo "1994"]
[BlackElo "2025"]
[PlyCount "71"]
[EventDate "2015.10.20"]
[EventType "swiss"]
[EventRounds "9"]
[EventCountry "USA"]
[SourceTitle "EXT 2023"]
[Source "ChessBase"]
[SourceDate "2022.10.05"]
[SourceVersion "1"]
[SourceVersionDate "2022.10.05"]
[SourceQuality "1"]

1. c4 g6 2. g3 Bg7 3. Bg2 e5 4. Nc3 d6 5. e3 Nc6 6. Nge2 f5 7. d3 Nf6 8. Rb1 0-0 9. 0-0 Be6 10. Nd5 Qd7 11. b4 Rae8 12. b5 Nd8 13. Qa4 b6 14. Qxa7 Bxd5 15. cxd5 Nf7 16. Qa4 g5 17. Qc2 h5 18. f4 exf4 19. exf4 Ng4 20. fxg5 Ne3 21. Bxe3 Rxe3 22. Nf4 Nxg5 23. h4 Qe7 24. hxg5 Qxg5 25. Ne6 Qxg3 26. Qf2 Rf7 27. Qxg3 Rxg3 28. Rf3 h4 29. Rxg3 hxg3 30. Rc1 Bh6 31. Rxc7 Be3+ 32. Kf1 Rf6 33. Rg7+ Kh8 34. Rxg3 f4 35. Rh3+ Kg8 36. Be4 1-0

[Event "San Francisco TNM Fall op"]
[Site "San Francisco"]
[Date "2015.10.27"]
[Round "2"]
[White "Eastham, Asher Dan"]
[Black "Gaffagan, Steven"]
[Result "0-1"]
[WhiteElo "1379"]
[BlackElo "2025"]
[PlyCount "72"]
[EventDate "2015.10.20"]
[EventType "swiss"]
[EventRounds "9"]
[EventCountry "USA"]
[SourceTitle "EXT 2023"]
[Source "ChessBase"]
[SourceDate "2022.10.05"]
[SourceVersion "1"]
[SourceVersionDate "2022.10.05"]
[SourceQuality "1"]

1. e4 c5 2. Nf3 e6 3. d4 cxd4 4. Nxd4 d6 5. Nc3 a6 6. Be3 Nf6 7. Be2 Be7 8. 0-0 Qc7 9. Qd2 Nc6 10. Rad1 0-0 11. f4 Bd7 12. f5 Rac8 13. Nb3 b5 14. a3 Ne5 15. Bg5 Nc4 16. Bxc4 bxc4 17. Bxf6 Bxf6 18. Nd4 Qb6 19. Kh1 Qxb2 20. Rb1 Qxa3 21. Rb7 Qc5 22. Rd1 Rc7 23. Rb2 Re8 24. fxe6 fxe6 25. Nde2 Rf8 26. Ra2 Be5 27. Rxa6 Bc6 28. Raa1 Rcf7 29. Qg5 h6 30. Qg4 Rf6 31. Rab1 h5 32. Qh3 h4 33. Qg4 Bd7 34. Rg1 Bc8 35. Rb5 Qe3 36. Qh3 Qxh3 0-1

[Event "San Francisco Leighton Memorial"]
[Site "San Francisco"]
[Date "2015.09.22"]
[Round "8"]
[White "Maser, Thomas F"]
[Black "Gaffagan, Steven"]
[Result "1/2-1/2"]
[WhiteElo "1985"]
[BlackElo "2025"]
[PlyCount "60"]
[EventDate "2015.08.04"]
[EventType "swiss"]
[EventRounds "9"]
[EventCountry "USA"]
[SourceTitle "EXT 2023"]
[Source "ChessBase"]
[SourceDate "2022.10.05"]
[SourceVersion "1"]
[SourceVersionDate "2022.10.05"]
[SourceQuality "1"]

1. e4 e5 2. Nf3 Nc6 3. Bb5 a6 4. Ba4 Nf6 5. 0-0 Be7 6. Re1 b5 7. Bb3 d6 8. c3 0-0 9. h3 Nb8 10. a4 Bb7 11. d3 Nbd7 12. Nbd2 Nc5 13. Bc2 Nxa4 14. d4 Nd7 15. Bxa4 bxa4 16. Nf1 Bf6 17. Ng3 exd4 18. cxd4 Re8 19. Rxa4 c5 20. d5 g6 21. Bf4 Nb6 22. Ra2 a5 23. b3 Qd7 24. Qd2 a4 25. bxa4 Nxa4 26. Rc2 Nb6 27. Nh2 h5 28. Bg5 Bg7 29. Nf3 Kh7 30. Qf4 Ra4 1/2-1/2

[Event "San Francisco TNM Spring op"]
[Site "San Francisco"]
[Date "2015.04.07"]
[Round "4"]
[White "Drane, Robert W"]
[Black "Gaffagan, Steven"]
[Result "1-0"]
[WhiteElo "1800"]
[BlackElo "2128"]
[PlyCount "85"]
[EventDate "2015.03.17"]
[EventType "swiss"]
[EventRounds "8"]
[EventCountry "USA"]
[SourceTitle "EXT 2016"]
[Source "ChessBase"]
[SourceDate "2015.10.08"]
[SourceVersion "1"]
[SourceVersionDate "2015.10.08"]
[SourceQuality "1"]

1. e4 e6 2. d4 d5 3. Nc3 Bb4 4. e5 c5 5. a3 Ba5 6. b4 cxd4 7. Nb5 Bc7 8. Nf3 Nc6 9. Bf4 Nge7 10. Nxc7+ Qxc7 11. Bd3 Bd7 12. b5 Na5 13. 0-0 Qb6 14. Qe2 Rc8 15. Rfd1 Nc4 16. a4 h6 17. Rdb1 Qc5 18. h4 Rc7 19. Qd1 Na5 20. Bd2 Nc4 21. Bb4 Qb6 22. a5 Qxb5 23. Bd6 Nxd6 24. exd6 Qc5 25. dxc7 Qxc7 26. Nxd4 0-0 27. Bb5 Bc8 28. Rb3 e5 29. Ne2 a6 30. Rc3 Qd8 31. Ba4 d4 32. Rb3 Nf5 33. h5 Nd6 34. c3 Be6 35. Rb6 Nf5 36. cxd4 exd4 37. Bb3 Bc8 38. Ra4 Qg5 39. Ng3 Bd7 40. Rg6 Qf4 41. Rb4 Nh4 42. Qxd4 Qc1+ 43. Kh2 1-0

[Event "San Francisco TNM Spring op"]
[Site "San Francisco"]
[Date "2015.03.31"]
[Round "3"]
[White "Gaffagan, Steven"]
[Black "Winslow, Elliott C"]
[Result "1/2-1/2"]
[WhiteElo "2128"]
[BlackElo "2306"]
[PlyCount "128"]
[EventDate "2015.03.17"]
[EventType "swiss"]
[EventRounds "8"]
[EventCountry "USA"]
[SourceTitle "EXT 2016"]
[Source "ChessBase"]
[SourceDate "2015.10.08"]
[SourceVersion "1"]
[SourceVersionDate "2015.10.08"]
[SourceQuality "1"]

1. e4 Nf6 2. e5 Nd5 3. d4 d6 4. Nf3 dxe5 5. Nxe5 c6 6. Nd2 Nd7 7. Ndf3 Nxe5 8. Nxe5 g6 9. Bc4 Bg7 10. Qe2 0-0 11. c3 Be6 12. 0-0 Qd6 13. Bb3 c5 14. Re1 cxd4 15. cxd4 a5 16. Bd2 a4 17. Bc4 Rfc8 18. a3 Qb6 19. Bxd5 Bxd5 20. Bc3 Rc7 21. Rad1 Qa6 22. Qg4 e6 23. h4 Bb3 24. Rd2 Qd6 25. h5 Rd8 26. Bb4 Qd5 27. Qf4 Rdc8 28. h6 Bh8 29. Bc3 f6 30. Nf3 b6 31. Rde2 Qd7 32. Nh2 Bd5 33. Ng4 Qf7 34. Ne3 Bb7 35. Nc2 Bd5 36. Nb4 Bc4 37. Re3 Qd7 38. Qg3 f5 39. d5 Bxc3 40. bxc3 Bxd5 41. Nxd5 Qxd5 42. Rxe6 Rxc3 43. Re8+ Rxe8 44. Rxe8+ Kf7 45. Qxc3 Kxe8 46. Qh8+ Ke7 47. Qxh7+ Kf6 48. g3 Qd1+ 49. Kg2 Qd5+ 50. Kg1 Qd1+ 51. Kh2 Qh5+ 52. Kg2 Kg5 53. Qd7 Kxh6 54. Qxa4 Qe2 55. Qf4+ Kg7 56. Qc7+ Kh6 57. Qf4+ Kg7 58. Qd4+ Kh7 59. Qd7+ Kh6 60. a4 Qe4+ 61. Kg1 Qe1+ 62. Kg2 Qe4+ 63. Kg1 Qe1+ 64. Kg2 Qe4+ 1/2-1/2